Alaska Airlines Destinations from SJC (San Jose) - Statistics

General Stats
  • This quiz has been taken 15 times
  • The average score is 11 of 12
Answer Stats
Hint Answer % Correct
Idaho Boise
100%
Hawaii Honolulu
100%
California Los Angeles
100%
Oregon Portland
100%
California San Diego
100%
Washington Seattle/Tacoma
100%
Mexico Puerto Vallarta
85%
Mexico San Jose del Cabo
85%
Mexico Guadalajara
77%
Hawaii Kahului
77%
Hawaii Kailua/Kona
77%
Hawaii Lihue
77%
No matching quizzes found
Score Distribution
Percent of People with Each Score
Percentile by Number Answered
Your Score History
You have not taken this quiz